[Event "3rd Washington Int 2014"]
[Site "Rockville USA"]
[Date "2014.08.10"]
[Round "3.1"]
[White "Azarov, S."]
[Black "Paragua, M."]
[Result "1/2-1/2"]
[WhiteElo "2635"]
[BlackElo "2487"]
[PlyCount "90"]
[EventDate "2014.08.09"]
[EventType "swiss"]
[EventRounds "9"]
[EventCountry "USA"]
[Source "Mark Crowther"]
[SourceDate "2014.08.11"]

1. e4 c5 2. Nf3 d6 3. d4 cxd4 4. Nxd4 Nf6 5. Nc3 a6 6. Bg5 e6 7. f4 h6 8. Bh4
Nbd7 9. Qf3 Qc7 10. O-O-O Be7 11. Bd3 g5 12. fxg5 Ne5 13. Qe2 Nfg4 14. Nf3 hxg5
15. Bg3 Bd7 16. Rdf1 b5 17. Nxe5 Nxe5 18. Bxe5 dxe5 19. Nd1 Bc6 20. Nf2 O-O-O
21. Ng4 Rhf8 22. Kb1 Rd4 23. c3 Rd7 24. Bc2 f6 25. Rf2 Qb6 26. Rhf1 b4 27. Qc4
bxc3 28. Ba4 Kb7 29. Bxc6+ Qxc6 30. Qxc6+ Kxc6 31. Nxe5+ fxe5 32. Rxf8 Bxf8 33.
Rxf8 cxb2 34. Rc8+ Kb5 35. Kxb2 Rd2+ 36. Kb3 Rxg2 37. a4+ Kb6 38. Re8 Kc5 39.
Rxe6 Kd4 40. Rxa6 Rxh2 41. Rg6 Rg2 42. a5 Rg1 43. Kb2 Rg2+ 44. Kb3 Rg1 45. Kb2
Rg2+ 1/2-1/2

[Event "3rd Washington Int 2014"]
[Site "Rockville USA"]
[Date "2014.08.10"]
[Round "3.2"]
[White "Sevian, Samuel"]
[Black "Troff, Kayden W"]
[Result "1-0"]
[WhiteElo "2454"]
[BlackElo "2514"]
[PlyCount "95"]
[EventDate "2014.08.09"]
[EventType "swiss"]
[EventRounds "9"]
[EventCountry "USA"]
[Source "Mark Crowther"]
[SourceDate "2014.08.11"]

1. e4 c5 2. Nf3 d6 3. Bc4 Nc6 4. c3 Nf6 5. d3 g6 6. O-O Bg7 7. Bb3 O-O 8. Re1
Bg4 9. Nbd2 Ne5 10. h3 Nxd3 11. hxg4 Nxe1 12. Nxe1 Bh6 13. Qe2 Qd7 14. f3 b5
15. Nf1 Bxc1 16. Rxc1 h5 17. g5 Nh7 18. f4 c4 19. Bc2 e5 20. f5 Nxg5 21. Ne3
Qd8 22. Nf3 Nh7 23. Rd1 Qb6 24. Kh1 Kg7 25. Nd5 Qd8 26. Qe3 Nf6 27. Nxf6 Qxf6
28. Ng5 Rh8 29. Rf1 h4 30. Bd1 d5 31. Bg4 d4 32. Qc1 d3 33. Rf3 Rad8 34. Qd2
Rdf8 35. fxg6 Qxg6 36. Rf5 f6 37. Ne6+ Kf7 38. Nxf8 Qxg4 39. Qf2 Kxf8 40. Rxf6+
Ke8 41. Qc5 Rg8 42. Qxe5+ Kd8 43. Rd6+ Kc8 44. Rc6+ Kd8 45. Qd5+ Ke7 46. Rc7+
Kf6 47. Qf7+ Ke5 48. Re7+ 1-0

[Event "3rd Washington Int 2014"]
[Site "Rockville USA"]
[Date "2014.08.10"]
[Round "3.3"]
[White "Andrianov, Nikolay"]
[Black "Nyzhnyk, I."]
[Result "0-1"]
[WhiteElo "1816"]
[BlackElo "2639"]
[PlyCount "64"]
[EventDate "2014.08.09"]
[EventType "swiss"]
[EventRounds "9"]
[EventCountry "USA"]
[Source "Mark Crowther"]
[SourceDate "2014.08.11"]

1. Nf3 Nf6 2. d4 g6 3. c4 Bg7 4. g3 O-O 5. Bg2 d6 6. O-O Nc6 7. Nc3 Bg4 8. h3
Bxf3 9. Bxf3 Nd7 10. e3 e5 11. dxe5 Ndxe5 12. Be2 Qd7 13. Kh2 Na5 14. Qc2 Nexc4
15. b4 Qf5 16. Qxf5 gxf5 17. bxa5 Bxc3 18. Rb1 Nxa5 19. Bd3 b6 20. Bxf5 d5 21.
Rd1 Rad8 22. Rd3 Bf6 23. Bb2 Bxb2 24. Rxb2 c5 25. Rc2 Nc6 26. a3 d4 27. e4 c4
28. Rd1 b5 29. f4 d3 30. Rcd2 c3 31. Rxd3 c2 32. Rxd8 Rxd8 0-1

[Event "3rd Washington Int 2014"]
[Site "Rockville USA"]
[Date "2014.08.10"]
[Round "3.4"]
[White "Bregadze, L."]
[Black "Zherebukh, Y."]
[Result "1/2-1/2"]
[WhiteElo "2435"]
[BlackElo "2625"]
[PlyCount "120"]
[EventDate "2014.08.09"]
[EventType "swiss"]
[EventRounds "9"]
[EventCountry "USA"]
[Source "Mark Crowther"]
[SourceDate "2014.08.11"]

1. d4 Nf6 2. Nf3 c5 3. e3 g6 4. Be2 Bg7 5. O-O O-O 6. c4 cxd4 7. exd4 d5 8. Nc3
Nc6 9. a3 Bg4 10. cxd5 Nxd5 11. h3 Be6 12. Bg5 Nb6 13. Qc1 Rc8 14. Rd1 Bb3 15.
Re1 Bxd4 16. Nxd4 Nxd4 17. Bg4 Rc7 18. Qf4 f6 19. Bh6 e5 20. Qg3 Rff7 21. Nb5
Nxb5 22. Qxb3 Nd4 23. Rad1 Kh8 24. Qg3 Rce7 25. f4 Qd5 26. fxe5 fxe5 27. Kh1
Re8 28. Qh4 Kg8 29. Be3 Rff8 30. Bxd4 exd4 31. Rxe8 Rxe8 32. Rxd4 Qe5 33. Bf3
Rc8 34. Qf4 Qxf4 35. Rxf4 Rc7 36. Rb4 Kf8 37. b3 Ke7 38. a4 Kd6 39. a5 Nd5 40.
Rb5 Nc3 41. Rxb7 Rxb7 42. Bxb7 Kc5 43. Kh2 Ne2 44. h4 Nd4 45. Kg3 Nxb3 46. a6
Kd6 47. h5 Nc5 48. hxg6 hxg6 49. Bf3 Nxa6 50. Kf4 Nc5 51. Kg5 a5 52. Bd1 Ne6+
53. Kxg6 Nf4+ 54. Kf5 Nxg2 55. Ke4 Kc5 56. Kd3 Kb4 57. Kc2 Ne3+ 58. Kc1 Nxd1
59. Kxd1 a4 60. Kc2 a3 1/2-1/2

[Event "3rd Washington Int 2014"]
[Site "Rockville USA"]
[Date "2014.08.10"]
[Round "3.6"]
[White "Margvelashvili, G."]
[Black "Mulyar, M."]
[Result "1/2-1/2"]
[WhiteElo "2556"]
[BlackElo "2411"]
[PlyCount "29"]
[EventDate "2014.08.09"]
[EventType "swiss"]
[EventRounds "9"]
[EventCountry "USA"]
[Source "Mark Crowther"]
[SourceDate "2014.08.11"]

1. Nf3 Nf6 2. g3 d5 3. Bg2 c6 4. O-O Bg4 5. h3 Bh5 6. c4 e6 7. Qb3 Qb6 8. d4
Be7 9. Nc3 O-O 10. Bf4 Nbd7 11. c5 Qxb3 12. axb3 Ne4 13. g4 Bg6 14. b4 a6 15.
Ra3 1/2-1/2

[Event "3rd Washington Int 2014"]
[Site "Rockville USA"]
[Date "2014.08.10"]
[Round "3.7"]
[White "Friedel, J."]
[Black "Enkhbat, T1."]
[Result "1/2-1/2"]
[WhiteElo "2507"]
[BlackElo "2399"]
[PlyCount "61"]
[EventDate "2014.08.09"]
[EventType "swiss"]
[EventRounds "9"]
[EventCountry "USA"]
[Source "Mark Crowther"]
[SourceDate "2014.08.11"]

1. Nf3 d5 2. g3 c6 3. c4 Nf6 4. Bg2 dxc4 5. O-O Nbd7 6. Qc2 e5 7. Qxc4 Bd6 8.
d3 O-O 9. Nbd2 Re8 10. b3 Nd5 11. Bb2 N7b6 12. Qc2 f6 13. a3 Nc7 14. Ne4 Bf8
15. d4 exd4 16. Nxd4 Nbd5 17. Nc5 Bxc5 18. Qxc5 Ne6 19. Nxe6 Bxe6 20. e4 Qb6
21. b4 Qxc5 22. bxc5 Nc7 23. Rfd1 Rad8 24. a4 Bb3 25. Rd6 Ne6 26. Ba3 Bxa4 27.
Bb4 Bb5 28. Rxa7 Nxc5 29. Bxc5 Rxd6 30. Bxd6 Rd8 31. Bf1 1/2-1/2

[Event "3rd Washington Int 2014"]
[Site "Rockville USA"]
[Date "2014.08.10"]
[Round "3"]
[White "Smith, Bry"]
[Black "Ippolito, D."]
[Result "1/2-1/2"]
[WhiteElo "2478"]
[BlackElo "2409"]
[PlyCount "28"]
[EventDate "2014.08.09"]
[EventType "swiss"]
[EventRounds "9"]
[EventCountry "USA"]
[Source "Mark Crowther"]
[SourceDate "2014.08.11"]

1. e4 c6 2. d4 d5 3. f3 Qb6 4. a3 e5 5. Qe2 dxe4 6. dxe5 Bc5 7. Nd2 Be6 8. Nh3
exf3 9. Qxf3 Nd7 10. Nf4 Ne7 11. Nxe6 fxe6 12. Nc4 Qc7 13. Bf4 O-O 14. Qg4 Nd5
1/2-1/2

[Event "3rd Washington Int 2014"]
[Site "Rockville USA"]
[Date "2014.08.10"]
[Round "3"]
[White "Sarkar, J."]
[Black "Barron, M."]
[Result "1-0"]
[WhiteElo "2399"]
[BlackElo "2177"]
[PlyCount "77"]
[EventDate "2014.08.09"]
[EventType "swiss"]
[EventRounds "9"]
[EventCountry "USA"]
[Source "Mark Crowther"]
[SourceDate "2014.08.11"]

1. d4 f5 2. c4 Nf6 3. Nc3 d6 4. Nf3 g6 5. g3 Bg7 6. Bg2 O-O 7. O-O Qe8 8. Re1
Qf7 9. b3 Ne4 10. Bb2 Nc6 11. Rc1 h6 12. d5 Nb4 13. Nd4 Nxc3 14. Rxc3 c5 15.
dxc6 Nxc6 16. Nxc6 bxc6 17. Bxc6 Bxc3 18. Bxc3 Rb8 19. Qd4 Kh7 20. Qxa7 Bb7 21.
Bxb7 e6 22. Qd4 Rxb7 23. Qxd6 f4 24. Qxf4 Qxf4 25. gxf4 Rxf4 26. Rd1 Rf8 27. c5
Ra8 28. b4 g5 29. c6 Rb6 30. c7 Rc8 31. Be5 Rxb4 32. Rd8 Rxc7 33. Bxc7 Rb2 34.
a4 Rxe2 35. a5 Rc2 36. Bb6 Rc6 37. Kg2 Kg6 38. Rb8 Kf5 39. a6 1-0

[Event "3rd Washington Int 2014"]
[Site "Rockville USA"]
[Date "2014.08.10"]
[Round "3"]
[White "Kiewra, K."]
[Black "Li, Ruifeng"]
[Result "1-0"]
[WhiteElo "2392"]
[BlackElo "2284"]
[PlyCount "71"]
[EventDate "2014.08.09"]
[EventType "swiss"]
[EventRounds "9"]
[EventCountry "USA"]
[Source "Mark Crowther"]
[SourceDate "2014.08.11"]

1. d4 Nf6 2. Bg5 Ne4 3. Bf4 d5 4. f3 Nf6 5. e4 e6 6. e5 Nfd7 7. Be3 c5 8. c3
Nc6 9. f4 cxd4 10. cxd4 Nb6 11. Nd2 Bd7 12. Ngf3 Be7 13. Be2 Rc8 14. Rc1 O-O
15. O-O Na5 16. b3 a6 17. a4 Nc6 18. Bd3 Nb4 19. Bb1 Rxc1 20. Qxc1 Nc8 21. Qe1
b5 22. Qg3 bxa4 23. Qh3 h6 24. bxa4 Nb6 25. g4 Bxa4 26. f5 Bc2 27. f6 gxf6 28.
Qxh6 Nd7 29. Bxc2 Nxc2 30. Ng5 fxg5 31. Rf3 Re8 32. Rh3 Bf6 33. Bxg5 Qb6 34.
Bxf6 Qxd4+ 35. Kg2 Ne3+ 36. Qxe3 1-0

[Event "3rd Washington Int 2014"]
[Site "Rockville USA"]
[Date "2014.08.10"]
[Round "4.1"]
[White "Nyzhnyk, I."]
[Black "Sevian, Samuel"]
[Result "1/2-1/2"]
[WhiteElo "2639"]
[BlackElo "2454"]
[PlyCount "55"]
[EventDate "2014.08.09"]
[EventType "swiss"]
[EventRounds "9"]
[EventCountry "USA"]
[Source "Mark Crowther"]
[SourceDate "2014.08.11"]

1. d4 d5 2. c4 e6 3. Nc3 c6 4. Nf3 Nf6 5. Bg5 dxc4 6. e4 b5 7. e5 h6 8. Bh4 g5
9. Nxg5 hxg5 10. Bxg5 Nbd7 11. exf6 Bb7 12. g3 Qb6 13. Bg2 O-O-O 14. O-O c5 15.
dxc5 Nxc5 16. Bxb7+ Qxb7 17. Qe2 Bd6 18. h4 Rdg8 19. f4 b4 20. Qxc4 bxc3 21. b4
Qe4 22. Qxc3 Rxg5 23. fxg5 Rxh4 24. gxh4 Qg4+ 25. Kf2 Bg3+ 26. Ke3 Qe4+ 27. Kd2
Qg2+ 28. Ke3 1/2-1/2

[Event "3rd Washington Int 2014"]
[Site "Rockville USA"]
[Date "2014.08.10"]
[Round "4.2"]
[White "Chandra, Akshat"]
[Black "Azarov, S."]
[Result "1/2-1/2"]
[WhiteElo "2472"]
[BlackElo "2635"]
[PlyCount "91"]
[EventDate "2014.08.09"]
[EventType "swiss"]
[EventRounds "9"]
[EventCountry "USA"]
[Source "Mark Crowther"]
[SourceDate "2014.08.11"]

1. d4 d5 2. c4 e6 3. Nc3 Be7 4. Nf3 Nf6 5. Bg5 h6 6. Bh4 O-O 7. cxd5 Nxd5 8.
Bxe7 Qxe7 9. Rc1 Rd8 10. Nxd5 exd5 11. e3 c6 12. Qc2 Be6 13. Bd3 Nd7 14. O-O
Bg4 15. Nd2 Nf6 16. Rfe1 a5 17. f3 Be6 18. Nb3 Nd7 19. Qf2 Rdc8 20. Nc5 Nxc5
21. Rxc5 b6 22. Rcc1 Qf6 23. Bb1 c5 24. Rcd1 Rd8 25. h3 Rac8 26. Qd2 g6 27. Re2
Kg7 28. dxc5 Rxc5 29. Qd4 Qxd4 30. exd4 Rc4 31. Kf2 h5 32. h4 Kf6 33. g3 Rdc8
34. Ke3 Rc1 35. Ree1 Rxd1 36. Rxd1 Bf5 37. Bd3 Bxd3 38. Kxd3 Kf5 39. Re1 f6 40.
Re7 Rc1 41. Rd7 Ke6 42. Rb7 Rc6 43. Rg7 Kf5 44. Rd7 Ke6 45. Rg7 Kf5 46. Rd7
1/2-1/2

[Event "3rd Washington Int 2014"]
[Site "Rockville USA"]
[Date "2014.08.10"]
[Round "4.3"]
[White "Paragua, M."]
[Black "Holt, C."]
[Result "1/2-1/2"]
[WhiteElo "2487"]
[BlackElo "2574"]
[PlyCount "115"]
[EventDate "2014.08.09"]
[EventType "swiss"]
[EventRounds "9"]
[EventCountry "USA"]
[Source "Mark Crowther"]
[SourceDate "2014.08.11"]

1. d4 d5 2. Bg5 h6 3. Bh4 c6 4. Nf3 Qb6 5. Qc1 Bg4 6. Nbd2 e6 7. e3 Nd7 8. Bd3
Be7 9. Bg3 Ngf6 10. O-O O-O 11. a4 c5 12. a5 Qc6 13. dxc5 Bxf3 14. Nxf3 Nxc5
15. Be2 Bd6 16. Nd4 Qd7 17. Bxd6 Qxd6 18. c4 e5 19. Nb5 Qd7 20. Qc2 dxc4 21.
Bxc4 Nce4 22. Rfd1 Qe7 23. a6 Rfc8 24. f3 bxa6 25. Rxa6 Qb4 26. Na3 Ng5 27.
Rxf6 Rxc4 28. Qxc4 Qxc4 29. Nxc4 gxf6 30. Rd7 Rc8 31. b3 Rb8 32. Rxa7 Rxb3 33.
h4 Rb4 34. Nd6 Rxh4 35. e4 Rf4 36. Nf5 Kh7 37. Ne3 Kg7 38. Nd5 Rh4 39. g3 Rh5
40. Kg2 Ne6 41. Ne3 Nd4 42. Nc4 f5 43. Nd6 fxe4 44. fxe4 Kf6 45. Nxf7 Nb5 46.
Rb7 Nc3 47. Nd6 Ke6 48. Nf5 Rg5 49. Rb6+ Kd7 50. Kf3 h5 51. Rd6+ Kc7 52. Re6
Nb5 53. Rxe5 Nd4+ 54. Kf2 Nxf5 55. Rxf5 Rxf5+ 56. exf5 Kd6 57. g4 Ke5 58. gxh5
1/2-1/2

[Event "3rd Washington Int 2014"]
[Site "Rockville USA"]
[Date "2014.08.10"]
[Round "4.4"]
[White "Zherebukh, Y."]
[Black "Ostrovskiy, Al"]
[Result "1-0"]
[WhiteElo "2625"]
[BlackElo "2410"]
[PlyCount "100"]
[EventDate "2014.08.09"]
[EventType "swiss"]
[EventRounds "9"]
[EventCountry "USA"]
[Source "Mark Crowther"]
[SourceDate "2014.08.11"]

1. c4 c6 2. e4 d5 3. cxd5 cxd5 4. exd5 Nf6 5. Qa4+ Nbd7 6. Nc3 g6 7. Nf3 Bg7 8.
Bc4 a6 9. d3 O-O 10. Qa3 Nb6 11. Qb3 Nxc4 12. dxc4 b5 13. O-O bxc4 14. Qxc4 e6
15. Bg5 exd5 16. Qh4 Bb7 17. Rad1 Re8 18. Qb4 Qd7 19. Qb3 Rac8 20. h3 Ba8 21.
Bxf6 Bxf6 22. Nxd5 Bxd5 23. Rxd5 Qc6 24. Rd2 Rb8 25. Qa3 Red8 26. Rxd8+ Rxd8
27. b3 Kg7 28. Qc1 Qd5 29. Qf4 Rd6 30. Qc4 Qa5 31. Qc2 Qa3 32. Nd2 Re6 33. Nf3
Rd6 34. Re1 Rd5 35. Re2 Rc5 36. Qd2 Rc1+ 37. Kh2 Rb1 38. Ne5 Rb2 39. Qe3 Qxa2
40. Ng4 g5 41. Nxf6 Rxe2 42. Qxg5+ Kf8 43. Qg8+ Ke7 44. Nd5+ Kd6 45. Nc3 Qc2
46. Nxe2 Qxe2 47. Qxf7 Qd2 48. Qf6+ Kc5 49. Qxa6 Qf4+ 50. Kg1 Kd5 1-0

[Event "3rd Washington Int 2014"]
[Site "Rockville USA"]
[Date "2014.08.10"]
[Round "4.5"]
[White "Enkhbat, T1."]
[Black "Smith, Bry"]
[Result "0-1"]
[WhiteElo "2399"]
[BlackElo "2478"]
[PlyCount "66"]
[EventDate "2014.08.09"]
[EventType "swiss"]
[EventRounds "9"]
[EventCountry "USA"]
[Source "Mark Crowther"]
[SourceDate "2014.08.11"]

1. d4 Nf6 2. c4 g6 3. g3 Bg7 4. Bg2 O-O 5. Nc3 d6 6. Nf3 c6 7. O-O Qb6 8. h3
Qa6 9. b3 b5 10. Nd2 Bb7 11. Bb2 Nbd7 12. a4 b4 13. Nce4 Nxe4 14. Nxe4 d5 15.
Nd2 c5 16. cxd5 cxd4 17. Nc4 Nc5 18. e4 e6 19. Rc1 exd5 20. exd5 Rfd8 21. d6
Bxg2 22. Kxg2 Qb7+ 23. Kh2 Qd5 24. Re1 Qf5 25. Rf1 Rac8 26. a5 Nd3 27. Rc2 Ne5
28. Nxe5 Rxc2 29. Nd3 Rcc8 30. Nxb4 Qxa5 31. Nd3 Rxd6 32. b4 Qf5 33. Qd2 h5 0-1

[Event "3rd Washington Int 2014"]
[Site "Rockville USA"]
[Date "2014.08.10"]
[Round "4.6"]
[White "Kiewra, K."]
[Black "Xiong, Jeffery"]
[Result "0-1"]
[WhiteElo "2392"]
[BlackElo "2442"]
[PlyCount "62"]
[EventDate "2014.08.09"]
[EventType "swiss"]
[EventRounds "9"]
[EventCountry "USA"]
[Source "Mark Crowther"]
[SourceDate "2014.08.11"]

1. d4 Nf6 2. Bg5 c5 3. d5 g6 4. Nc3 Bg7 5. e4 d6 6. Nf3 a6 7. a4 Bg4 8. Be2 h6
9. Be3 Nbd7 10. Nd2 Bxe2 11. Qxe2 O-O 12. O-O e6 13. Nc4 exd5 14. exd5 Nb6 15.
Rfd1 Re8 16. a5 Nxc4 17. Qxc4 Nd7 18. Na4 Qxa5 19. Qh4 Qd8 20. Qh3 h5 21. Nc3
Ne5 22. Bf4 Nc4 23. b3 Qf6 24. bxc4 Qxf4 25. Qd3 Qd4 26. Ra3 b5 27. cxb5 Qxd3
28. cxd3 Bxc3 29. Rxc3 axb5 30. Rb3 Ra5 31. Kf1 Re5 0-1

[Event "3rd Washington Int 2014"]
[Site "Rockville USA"]
[Date "2014.08.10"]
[Round "4.5"]
[White "Ippolito, D."]
[Black "Margvelashvili, G."]
[Result "1/2-1/2"]
[WhiteElo "2409"]
[BlackElo "2556"]
[PlyCount "23"]
[EventDate "2014.08.09"]
[EventType "swiss"]
[EventRounds "9"]
[EventCountry "USA"]
[Source "Mark Crowther"]
[SourceDate "2014.08.11"]

1. d4 Nf6 2. c4 e6 3. Nc3 Bb4 4. Qc2 d6 5. Nf3 c5 6. g3 Nc6 7. dxc5 dxc5 8. Bg2
Nd4 9. Nxd4 Qxd4 10. Qb3 Ne4 11. Be3 Bxc3+ 12. bxc3 1/2-1/2

[Event "3rd Washington Int 2014"]
[Site "Rockville USA"]
[Date "2014.08.10"]
[Round "4.7"]
[White "Troff, Kayden W"]
[Black "Harmon, L."]
[Result "1/2-1/2"]
[WhiteElo "2514"]
[BlackElo "2407"]
[PlyCount "47"]
[EventDate "2014.08.09"]
[EventType "swiss"]
[EventRounds "9"]
[EventCountry "USA"]
[Source "Mark Crowther"]
[SourceDate "2014.08.11"]

1. d4 Nf6 2. c4 e6 3. Nf3 b6 4. a3 Bb7 5. Nc3 d5 6. cxd5 Nxd5 7. Qc2 Be7 8. Bd2
Nxc3 9. Bxc3 O-O 10. Rd1 Qd5 11. e3 Nd7 12. Bd3 Nf6 13. O-O Rac8 14. Rfe1 Ne4
15. Bxe4 Qxe4 16. Qxe4 Bxe4 17. Bb4 Bxb4 18. axb4 c5 19. bxc5 bxc5 20. dxc5
Rxc5 21. Rd4 Bxf3 22. gxf3 Rb5 23. Ra1 Rxb2 24. Rxa7 1/2-1/2